000 00655nam a2200193 i 4500
001 50350
003 ES-MaACL
005 20230906162151.0
007 t|
008 030804s1978 sp ||||1| spa d
100 1 _aCuevas, José de las.
_942099
245 1 4 _aLos mil años del castillo de Tarifa (960-1960) /
_cJosé y Jesús de las Cuevas.
260 _aCádiz :
_bInstituto de Estudios Gaditanos,
_c[1978]
300 _a141 p. :
_bil. ;
_c22 cm.
700 1 _aCuevas, Jesús de las.
_942097
710 2 _aInstituto de Estudios Gaditanos.
_94902
740 4 _aLos 1000 años del castillo de Tarifa (960-1960)
852 _aES-MaACL
_jA-10353
_bR.99405
999 _c50350
_d50350